000 00965nam a22002177a 4500
005 20111205160621.0
010 _aB-454797
020 _a9788179932025
_c185.00
035 _aB-454797
037 _aBlue Berry/Ven
_bDPL
082 _a333.794
100 _aKashyap, Aparajita
_946643
245 _a101 Facts Renewable Energy /
_cby Aparajita Kashyap; edited by Pallavi Sah; illustrated by Yatindra Kumar, Vijay Nipane and Neeraj Riddlan
260 _aNew Delhi
_bTeri Press
_c2008
270 _aDarbari Seth Block, IHC Complex, Lodhi Road
_bNew Delhi
_e110003
300 _a46p.
_bcol.ill
_c28cm. (Hb)
490 _a101 Facts
_946644
942 _2ddc
_cCH
_mKAS
_h333.794
999 _c58984
_d58984